| 000 | 00000nam 2200000za 4500 |
| 001 | 9.830554 |
| 003 | CaOODSP |
| 005 | 20221107145544 |
| 007 | cr ||||||||||| |
| 008 | 170406s2017 qucab o f000 0 fre d |
| 020 | |a978-0-660-07239-5 |
| 040 | |aCaOODSP|bfre |
| 043 | |an-cn---|an-cn-mb|an-cn-nf|an-cn-nt|an-cn-nu|an-cn-on|an-cn-qu|an-cn-yk|an-cnh-- |
| 086 | 1 |aEn56-240/5-2017F-PDF |
| 245 | 00|aGuide de météo marine national |h[ressource électronique] : |bguide régional pour l’Arctique. |
| 260 | |a[Ottawa] : |bEnvironnement et changement climatique Canada, |c[2017] |
| 300 | |axiv, 349 p. : |bcartes en coul., ill. en coul. |
| 500 | |aPubl. aussi en anglais sous le titre : National marine weather guide: Arctic regional guide. |
| 500 | |aTitre de la couv. |
| 692 | 07|2gccst|aMétéorologie |
| 692 | 07|2gccst|aPrévisions météorologiques |
| 692 | 07|2gccst|aEaux côtières |
| 692 | 07|2gccst|aOcéan |
| 692 | 07|2gccst|aMer |
| 692 | 07|2gccst|aNord canadien |
| 710 | 1 |aCanada. |bEnvironnement et changement climatique Canada. |
| 775 | 08|tNational marine weather guide |w(CaOODSP)9.830552 |
| 856 | 40|qPDF|s108.59 Mo|uhttps://publications.gc.ca/collections/collection_2017/eccc/En56-240-5-2017-fra.pdf|zVersion haute définition |
| 856 | 40|qPDF|s21.29|uhttps://publications.gc.ca/collections/collection_2017/eccc/En56-240-5-2017-1-fra.pdf|zVersion basse définition |